<?xml version="1.0" encoding="UTF-8"?>
<record
    xmlns:xsi="http://www.w3.org/2001/XMLSchema-instance"
    xsi:schemaLocation="http://www.loc.gov/MARC21/slim http://www.loc.gov/standards/marcxml/schema/MARC21slim.xsd"
    xmlns="http://www.loc.gov/MARC21/slim">

  <leader>01655nam a22002537a 4500</leader>
  <controlfield tag="003">NALT</controlfield>
  <controlfield tag="005">20240918162635.0</controlfield>
  <controlfield tag="008">240806b        th ||||| |||| 00| 0 eng d</controlfield>
  <datafield tag="020" ind1=" " ind2=" ">
    <subfield code="a">9780330412247</subfield>
  </datafield>
  <datafield tag="040" ind1=" " ind2=" ">
    <subfield code="a">NALT</subfield>
  </datafield>
  <datafield tag="050" ind1=" " ind2=" ">
    <subfield code="a">DR 2082</subfield>
    <subfield code="b">M34K 2002</subfield>
  </datafield>
  <datafield tag="100" ind1="1" ind2=" ">
    <subfield code="a">Malcolm, Noel.</subfield>
    <subfield code="9">64513</subfield>
  </datafield>
  <datafield tag="245" ind1="1" ind2="0">
    <subfield code="a">Kosovo: a short history /</subfield>
    <subfield code="c">Noel Malcolm.</subfield>
  </datafield>
  <datafield tag="260" ind1=" " ind2=" ">
    <subfield code="a">London :</subfield>
    <subfield code="b">Papermac,</subfield>
    <subfield code="c">2002.</subfield>
  </datafield>
  <datafield tag="300" ind1=" " ind2=" ">
    <subfield code="a">492 p. :</subfield>
    <subfield code="b">maps ;</subfield>
    <subfield code="c">22 cm.</subfield>
  </datafield>
  <datafield tag="505" ind1="2" ind2=" ">
    <subfield code="a">Orientation: places, names and people -- Origins: Serbs, Albanians and Vlachs -- Medieval Kosovo before Prince Lazar: 850s-1380s -- The battle and the myth -- The last years of medieval Serbian Kosovo: 1389-1455 -- Early Ottoman Kosovo: 1450s-1580s -- War, rebellion and religious life: 1580s-1680s -- The Austrian invasion and the 'Great Migration' of the Serbs: 1689-1690 -- Recovery and decline: 1690-1817 -- Reform and resistance: 1817-1878 -- Kosovo's other minorities: Vlachs, Gypsies, Turks, Jews and Circassians -- From the League of Prizren to the Young Turk revolution: 1878-1908 -- The great rebellions, the Serbian conquest and the First World War: 1908-1918 -- Ka&#xE7;aks and colonists: 1918-1941 -- Occupied Kosovo in the Second World War: 1941-1945 -- Kosovo under Tito: 1945-1980 -- Kosovo after the death of Tito: 1981-1997.</subfield>
  </datafield>
  <datafield tag="651" ind1=" " ind2="0">
    <subfield code="a">Kosovo (Serbia) </subfield>
    <subfield code="x">History</subfield>
    <subfield code="9">64542</subfield>
  </datafield>
  <datafield tag="651" ind1=" " ind2="0">
    <subfield code="a">Kosovo (Serbia) </subfield>
    <subfield code="x">Ethnic relations</subfield>
    <subfield code="9">64543</subfield>
  </datafield>
  <datafield tag="942" ind1=" " ind2=" ">
    <subfield code="c">GB</subfield>
    <subfield code="2">lcc</subfield>
  </datafield>
  <datafield tag="996" ind1=" " ind2=" ">
    <subfield code="a">chunbijaya.r</subfield>
    <subfield code="b">CATSTF	</subfield>
    <subfield code="c">2024-08-06</subfield>
  </datafield>
  <datafield tag="996" ind1=" " ind2=" ">
    <subfield code="a">jamriang.p</subfield>
    <subfield code="b">CATSTF	</subfield>
    <subfield code="c">2024-08-14</subfield>
  </datafield>
  <datafield tag="999" ind1=" " ind2=" ">
    <subfield code="c">105590</subfield>
    <subfield code="d">105590</subfield>
  </datafield>
  <datafield tag="998" ind1=" " ind2=" ">
    <subfield code="j">111</subfield>
    <subfield code="k"> &#xE19;&#xE32;&#xE07;&#xE2A;&#xE32;&#xE27;&#xE1E;&#xE08;&#xE1E;&#xE34;&#xE13;  &#xE1E;&#xE23;&#xE21;&#xE40;&#xE2D;&#xE35;&#xE48;&#xE22;&#xE21;</subfield>
  </datafield>
  <datafield tag="952" ind1=" " ind2=" ">
    <subfield code="0">0</subfield>
    <subfield code="1">0</subfield>
    <subfield code="2">lcc</subfield>
    <subfield code="4">0</subfield>
    <subfield code="7">0</subfield>
    <subfield code="8">CGBL</subfield>
    <subfield code="a">NALT</subfield>
    <subfield code="b">NALT</subfield>
    <subfield code="c">GEN</subfield>
    <subfield code="d">2024-08-06</subfield>
    <subfield code="l">1</subfield>
    <subfield code="o">DR 2082 M34K 2002</subfield>
    <subfield code="p">3961214391</subfield>
    <subfield code="r">2024-09-24 00:00:00</subfield>
    <subfield code="s">2024-09-18</subfield>
    <subfield code="w">2024-08-06</subfield>
    <subfield code="y">GB</subfield>
  </datafield>
</record>
